Geotechnical characterization and seismic response studies of coastal sand deposits in Kerala (Record no. 115173)
[ view plain ]
| 000 -LEADER | |
|---|---|
| fixed length control field | 00455nam a22001337a 4500 |
| 005 - DATE AND TIME OF LATEST TRANSACTION | |
| control field | 20260205101409.0 |
| 008 - FIXED-LENGTH DATA ELEMENTS--GENERAL INFORMATION | |
| fixed length control field | 260205b |||||||| |||| 00| 0 eng d |
| 100 ## - MAIN ENTRY--PERSONAL NAME | |
| Personal name | Veena Jayakrishnan |
| 245 ## - TITLE STATEMENT | |
| Title | Geotechnical characterization and seismic response studies of coastal sand deposits in Kerala |
| 260 ## - PUBLICATION, DISTRIBUTION, ETC. (IMPRINT) | |
| Place of publication, distribution, etc | Kochi |
| Name of publisher, distributor, etc | Division of Civil Engineering, School of Engineering, CUSAT |
| Date of publication, distribution, etc | 2025 |
| 300 ## - PHYSICAL DESCRIPTION | |
| Extent | xv,175p. |
| 700 ## - ADDED ENTRY--PERSONAL NAME | |
| Personal name | Guided by Beena K. S. |
| 942 ## - ADDED ENTRY ELEMENTS (KOHA) | |
| item type | Under processing |
| Lost status | Source of classification or shelving scheme | Not for loan | Home library | Current library | Date acquired | Total Checkouts | Barcode | Date last seen | Price effective from | Koha item type |
|---|---|---|---|---|---|---|---|---|---|---|
| Universal Decimal Classification | Not For Loan | University Library | University Library | 03/02/2026 | T0002442 | 05/02/2026 | 05/02/2026 | Under processing |
